000 00362nam a2200133 i 4500
001 bg
100 1 _aLIPIEC-ZAJCHOWSKA, Marianna
245 0 _aMetody symulacji komputerowej w programowaniu makroekonomicznym /
_cM. Lipiec-Zajehowska.
260 _aWarszawa,
_c1990.
040 _cBPK
041 _apol
942 _cKS
008 s pl f |000 0 pol
999 _c4450
_d4450
856 _uhttp://koha.tu.koszalin.pl/cgi-bin/koha/opac-detail.pl?biblionumber=4450
_yKatalog online BPK